Specially Classified Pokemon - Statistics

General Stats
  • This quiz has been taken 35 times
    31 since last reset
  • The average score is 133 of 180
Answer Stats
Gen Number Category Answer % Correct
I 142 Fossil Aerodactyl
100%
III 347 Fossil Anorith
100%
V 566 Fossil Archen
100%
III 348 Fossil Armaldo
100%
I 144 Legendary Articuno
100%
VI 699 Fossil Aurorus
100%
IV 482 Legendary Azelf
100%
III 371 Pseudo Legendary Bagon
100%
III 374 Pseudo Legendary Beldum
100%
II 251 Mythical Celebi
100%
VII 789 Legendary Cosmog
100%
III 346 Fossil Cradily
100%
III 386 Mythical Deoxys
100%
I 148 Pseudo Legendary Dragonair
100%
I 149 Pseudo Legendary Dragonite
100%
I 147 Pseudo Legendary Dratini
100%
II 244 Legendary Entei
100%
IV 444 Pseudo Legendary Gabite
100%
IV 445 Pseudo Legendary Garchomp
100%
IV 443 Pseudo Legendary Gible
100%
III 383 Legendary Groudon
100%
II 250 Legendary Ho-Oh
100%
III 385 Mythical Jirachi
100%
I 140 Fossil Kabuto
100%
I 141 Fossil Kabutops
100%
III 382 Legendary Kyogre
100%
II 246 Pseudo Legendary Larvitar
100%
III 380 Legendary Latias
100%
III 381 Legendary Latios
100%
III 345 Fossil Lileep
100%
II 249 Legendary Lugia
100%
VII 792 Legendary Lunala
100%
IV 481 Legendary Mesprit
100%
III 376 Pseudo Legendary Metagross
100%
III 375 Pseudo Legendary Metang
100%
I 151 Mythical Mew
100%
I 150 Legendary Mewtwo
100%
I 146 Legendary Moltres
100%
I 138 Fossil Omanyte
100%
I 139 Fossil Omastar
100%
II 247 Pseudo Legendary Pupitar
100%
II 243 Legendary Raikou
100%
III 384 Legendary Rayquaza
100%
III 378 Legendary Regice
100%
III 377 Legendary Regirock
100%
III 379 Legendary Registeel
100%
V 643 Legendary Reshiram
100%
III 373 Pseudo Legendary Salamence
100%
III 372 Pseudo Legendary Shelgon
100%
VII 791 Legendary Solgaleo
100%
II 245 Legendary Suicune
100%
V 642 Legendary Thundurus
100%
II 248 Pseudo Legendary Tyranitar
100%
IV 480 Legendary Uxie
100%
I 145 Legendary Zapdos
100%
V 644 Legendary Zekrom
100%
VI 698 Fossil Amaura
86%
IV 493 Mythical Arceus
86%
V 567 Fossil Archeops
86%
IV 411 Fossil Bastiodon
86%
VII 806 Ultra Beast Blacephalon
86%
V 638 Legendary Cobalion
86%
VII 790 Legendary Cosmoem
86%
IV 408 Fossil Cranidos
86%
IV 488 Legendary Cresselia
86%
IV 491 Mythical Darkrai
86%
IV 483 Legendary Dialga
86%
VI 719 Mythical Diancie
86%
VIII 880 Fossil Dracozolt
86%
VIII 905 Legendary Enamorus
86%
V 649 Mythical Genesect
86%
IV 487 Legendary Giratina
86%
VI 706 Pseudo Legendary Goodra
86%
VI 704 Pseudo Legendary Goomy
86%
IV 485 Legendary Heatran
86%
V 647 Mythical Keldeo
86%
V 645 Legendary Landorus
86%
IV 490 Mythical Manaphy
86%
V 648 Mythical Meloetta
86%
VII 800 Legendary Necrozma
86%
IV 484 Legendary Palkia
86%
IV 489 Mythical Phione
86%
IV 409 Fossil Rampardos
86%
IV 486 Legendary Regigigas
86%
IV 492 Mythical Shaymin
86%
IV 410 Fossil Shieldon
86%
VI 705 Pseudo Legendary Sliggoo
86%
VII 788 Legendary Tapu Fini
86%
VII 785 Legendary Tapu Koko
86%
VII 786 Legendary Tapu Lele
86%
V 639 Legendary Terrakion
86%
V 641 Legendary Tornadus
86%
VI 697 Fossil Tyrantrum
86%
VI 696 Fossil Tyrunt
86%
V 494 Mythical Victini
86%
V 640 Legendary Virizion
86%
VIII 883 Fossil Arctovish
71%
VIII 881 Fossil Arctozolt
71%
VII 794 Ultra Beast Buzzwole
71%
V 565 Fossil Carracosta
71%
V 633 Pseudo Legendary Deino
71%
VIII 882 Fossil Dracovish
71%
VI 720 Mythical Hoopa
71%
V 635 Pseudo Legendary Hydreigon
71%
V 646 Legendary Kyurem
71%
VII 787 Legendary Tapu Bulu
71%
V 564 Fossil Tirtouga
71%
VI 716 Legendary Xerneas
71%
VII 796 Ultra Beast Xurkitree
71%
VI 717 Legendary Yveltal
71%
V 634 Pseudo Legendary Zweilous
71%
VI 718 Legendary Zygarde
71%
IX 1002 Legendary Chien-Pao
57%
IX 984 Paradox Great Tusk
57%
VII 799 Ultra Beast Guzzlord
57%
VII 783 Pseudo Legendary Hakamo-o
57%
IX 991 Paradox Iron Bundle
57%
IX 990 Paradox Iron Treads
57%
IX 1006 Paradox Iron Valiant
57%
VII 782 Pseudo Legendary Jangmo-o
57%
VII 784 Pseudo Legendary Kommo-o
57%
VII 802 Mythical Marshadow
57%
VII 809 Mythical Melmetal
57%
VII 808 Mythical Meltan
57%
VII 804 Ultra Beast Naganadel
57%
VII 795 Ultra Beast Pheromosa
57%
VII 803 Ultra Beast Poipole
57%
VIII 895 Legendary Regidrago
57%
VIII 894 Legendary Regieleki
57%
VII 773 Legendary Silvally
57%
IX 1003 Legendary Ting-Lu
57%
VII 772 Legendary Type: Null
57%
VI 721 Mythical Volcanion
57%
VII 807 Mythical Zeraora
57%
IX 997 Pseudo Legendary Arctibax
43%
IX 998 Pseudo Legendary Baxcalibur
43%
VIII 898 Legendary Calyrex
43%
VII 797 Ultra Beast Celesteela
43%
IX 1004 Legendary Chi-Yu
43%
VIII 887 Pseudo Legendary Dragapult
43%
VIII 886 Pseudo Legendary Drakloak
43%
VIII 885 Pseudo Legendary Dreepy
43%
IX 1016 Legendary Fezandipiti
43%
IX 987 Paradox Flutter Mane
43%
IX 996 Pseudo Legendary Frigibax
43%
VIII 896 Legendary Glastrier
43%
IX 1021 Paradox Gouging Fire
43%
IX 992 Paradox Iron Hands
43%
IX 993 Paradox Iron Jugulis
43%
IX 1010 Paradox Iron Leaves
43%
VII 798 Ultra Beast Kartana
43%
IX 1007 Legendary Koraidon
43%
VIII 891 Legendary Kubfu
43%
IX 1008 Legendary Miraidon
43%
IX 1015 Legendary Munkidori
43%
VII 793 Ultra Beast Nihilego
43%
IX 1014 Legendary Okidogi
43%
IX 1025 Mythical Pecharunt
43%
IX 1020 Paradox Raging Bolt
43%
IX 1005 Paradox Roaring Moon
43%
IX 985 Paradox Scream Tail
43%
VIII 897 Legendary Spectrier
43%
VII 805 Ultra Beast Stakataka
43%
IX 1024 Legendary Terapagos
43%
VIII 892 Legendary Urshifu
43%
IX 1009 Paradox Walking Wake
43%
IX 1001 Legendary Wo-Chien
43%
VIII 888 Legendary Zacian
43%
VIII 889 Legendary Zamazenta
43%
VIII 893 Mythical Zarude
43%
IX 986 Paradox Brute Bonnet
29%
VIII 890 Legendary Eternatus
29%
IX 1023 Paradox Iron Boulder
29%
IX 1022 Paradox Iron Crown
29%
IX 994 Paradox Iron Moth
29%
IX 995 Paradox Iron Thorns
29%
VII 801 Mythical Magearna
29%
IX 1017 Legendary Ogerpon
29%
IX 989 Paradox Sandy Shocks
29%
IX 988 Paradox Slither Wing
29%
No matching quizzes found
Score Distribution
Percent of People with Each Score
Percentile by Number Answered
Your Score History
You have not taken this quiz since the last reset